|
|
|
|
| LEADER |
00000cam a2200000 7i4500 |
| 001 |
0000007319 |
| 005 |
20220224.0 |
| 040 |
|
|
|a INS
|
| 090 |
0 |
0 |
|a THESIS 13
|
| 100 |
1 |
|
|a Lim Siew Phaik
|
| 245 |
1 |
0 |
|a Developing a multi-purpose cadastral GIS application and query modules for Department of Valuation and Property Service, Ministry of Finance, Malaysia
|c Lim Siew Phaik
|
| 260 |
|
|
|a University of Leicester ,
|c 1994
|
| 300 |
|
|
|a 65p. ;
|c 30cm.
|
| 500 |
|
|
|a Dissertation(M. Sc. in Geographical Information Systems) - University of Leicester
|
| 650 |
0 |
0 |
|a Geographic information systems
|
| 999 |
|
|
|a THE0000016
|b BOOK
|c Thesis
|e Default branch
|